01238 a2200205 4500003000400000005001700004008004100021020001800062100001500080245002200095250001200117260002700129300001000156520072400166650002800890650003300918650002300951650003400974650002401008OSt20251208152144.0251208b |||||||| |||| 00| 0 eng d a9784842005519 aHetland M. aPython Algorithms a2nd Ed. bApressc2014aNew York a295pp aPython Algorithms, Second Edition explains the Python approach to algorithm analysis and design. Written by Magnus Lie Hetland, author of Beginning Python, this book is sharply focused on classical algorithms, but it also gives a solid understanding of fundamental algorithmic problem-solving techniques. The book deals with some of the most important and challenging areas of programming and computer science in a highly readable manner. It covers both algorithmic theory and programming practice, demonstrating how theory is reflected in real Python programs. Well-known algorithms and data structures that are built into the Python language are explained, and the user is shown how to implement and evaluate others.01aWhat’s All This, Then02aSome Core Ideas in Computing03aThe Skinny on Sums04aFinding a Maximum Permutation05aTopological Sorting